|
|
|
|
| LEADER |
01037nam a2200253 a 4500 |
| 001 |
c000182914 |
| 003 |
CARM |
| 005 |
19980120000000.0 |
| 008 |
980209s1970 ru ac b 000 0 rus d |
| 019 |
1 |
|
|a 13679531
|z 12637690
|5 LACONCORD2021
|
| 035 |
|
|
|a (OCoLC)222078516
|5 LACONCORD2021
|
| 040 |
|
|
|a NZOC
|b eng
|c NZOC
|
| 043 |
|
|
|a e-ur-ru
|
| 050 |
|
4 |
|a PG3094
|
| 100 |
1 |
|
|a Fomenko, Lidii︠a︡.
|
| 245 |
1 |
0 |
|a Cherty vremeni :
|b idei i kharaktery v proze 60-kh godov /
|c Lidii︠a︡ Fomenko ; [khodozhnik G.V. Alimov ; redaktor V.P. Balashov].
|
| 260 |
|
|
|a Moskva :
|b Sov. pisatelʹ,
|c 1970.
|
| 300 |
|
|
|a 295 p. :
|b ill., port. ;
|c 20 cm.
|
| 504 |
|
|
|a Includes bibliographical references.
|
| 650 |
|
0 |
|a Russian prose literature
|x History and criticism.
|
| 700 |
1 |
|
|a Balashov, V. P.
|q (Viktor Petrovich)
|
| 852 |
8 |
|
|b CARM
|h A2:AI06B0
|i B04643
|p 0207688
|f BK
|
| 999 |
f |
f |
|i 5f501aac-02cf-58f7-bc79-01dbee5e627a
|s c78d7223-7235-54e5-b633-80bde15062bc
|
| 952 |
f |
f |
|p Can circulate
|a CAVAL
|b CAVAL
|c CAVAL
|d CARM 1 Store
|e B04643
|f A2:AI06B0
|h Other scheme
|i book
|m 0207688
|